000 00593nam a2200241Ia 4500
003 OSt
005 20221005124619.0
006 a|||||r|||| 00| 0
007 ta
008 221004b |||||||| |||| 00| 0 tam d
024 _a46580
037 _cTextual
040 _aCRL
_cCRL
_btam
041 _2tam
_atam
082 _aO31:g, L5
100 _aJohn Valampuri Au.
_9631056
245 0 _anano vimarshikkiran
260 _c1975
300 _a48p.
_ccm.
650 _aTAMIL LITERATURE
942 _hO31:g, L5
_cTEXL
_2cc
999 _c1051000
_d1051000